Topics in modern mathematics
Αποθηκεύτηκε σε:
| Άλλοι συγγραφείς: | , |
|---|---|
| Μορφή: | Βιβλίο |
| Γλώσσα: | English |
| Δημοσίευση: |
Englewood Cliffs, N.J. :
Prentice-Hall,
c1964.
|
| Σειρά: | Prentice-Hall mathematics series
|
| Θέματα: | |
| Ετικέτες: |
Προσθήκη ετικέτας
Δεν υπάρχουν, Καταχωρήστε ετικέτα πρώτοι!
|
MARC
| LEADER | 00000cam a2200000 i 4500 | ||
|---|---|---|---|
| 001 | 1/106054 | ||
| 008 | 090612s1964 gw ||| | eng|| | ||
| 035 | |l 10105061 | ||
| 040 | |a GR-MyUA |b gre |e AACR2 | ||
| 041 | 0 | |a eng | |
| 082 | 0 | |a 510 |2 (22) | |
| 245 | 1 | 0 | |a Topics in modern mathematics / |c edited by Ralph G. Stanton, Kenneth D. Fryer ; contributing authors G. Berman...[κ.ά.]. |
| 260 | |a Englewood Cliffs, N.J. : |b Prentice-Hall, |c c1964. | ||
| 300 | |a x, 187 σ. : |b διαγρ. ; |c 24 εκ. | ||
| 490 | 1 | |a (Prentice-Hall mathematics series) | |
| 504 | |a Περιέχει ευρετήριο. | ||
| 650 | 0 | 0 | |a Mathematics. |
| 700 | 1 | |a Stanton, Ralph G. |e edt | |
| 700 | 1 | |a Fryer, Kenneth D. |e edt | |
| 830 | 0 | |a Prentice-Hall mathematics series | |
| 852 | |a INST |b SAMOS |c MAG |e 20090612 |h 510 TOP |p 005300028576 |q 005300028576 |t BK |y 0 | ||
| 901 | |a BIBL3-2009-2 | ||
| 909 | |a Σ |b 158080 | ||
| 970 | |a ΚΟΣΙΕΡΗΣ |b ΧΡΗΣΤΟΣ |z 2009/06/12 | ||